Undergraduate econometrics / (Record no. 5844)
[ view plain ]
| 000 -LEADER | |
|---|---|
| fixed length control field | 00805pam a2200229 a 4500 |
| 001 - CONTROL NUMBER | |
| control field | 1636839 |
| 005 - DATE AND TIME OF LATEST TRANSACTION | |
| control field | 20250519115715.0 |
| 008 - FIXED-LENGTH DATA ELEMENTS--GENERAL INFORMATION | |
| fixed length control field | 960917s1997 nyua b 001 0 eng |
| 020 ## - INTERNATIONAL STANDARD BOOK NUMBER | |
| International Standard Book Number | 0471139939 (alk. paper) |
| 050 00 - LIBRARY OF CONGRESS CALL NUMBER | |
| Classification number | HB139 |
| Item number | .H548 1997 |
| 082 00 - DEWEY DECIMAL CLASSIFICATION NUMBER | |
| Classification number | 330/.01/5195 |
| Edition information | 20 |
| 100 1# - MAIN ENTRY--PERSONAL NAME | |
| Personal name | Hill, R. Carter |
| 245 10 - TITLE STATEMENT | |
| Title | Undergraduate econometrics / |
| Statement of responsibility, etc. | R. Carter Hill, William E. Griffiths, George G.Judge. |
| 260 ## - PUBLICATION, DISTRIBUTION, ETC. | |
| Place of publication, distribution, etc. | New York : |
| Name of publisher, distributor, etc. | Wiley, |
| Date of publication, distribution, etc. | c1997. |
| 300 ## - PHYSICAL DESCRIPTION | |
| Extent | xiv, 366 p. : |
| Other physical details | ill. ; |
| Dimensions | 26 cm. |
| 650 #0 - SUBJECT ADDED ENTRY--TOPICAL TERM | |
| Topical term or geographic name entry element | Econometrics. |
| 700 1# - ADDED ENTRY--PERSONAL NAME | |
| Personal name | Griffiths, William E. |
| 700 1# - ADDED ENTRY--PERSONAL NAME | |
| Personal name | Judge, George G. |
| 856 41 - ELECTRONIC LOCATION AND ACCESS | |
| Materials specified | Table of contents only |
| Uniform Resource Identifier | <a href="http://www.loc.gov/catdir/toc/wiley022/96044704.html">http://www.loc.gov/catdir/toc/wiley022/96044704.html</a> |
| 856 42 - ELECTRONIC LOCATION AND ACCESS | |
| Materials specified | Publisher description |
| Uniform Resource Identifier | <a href="http://www.loc.gov/catdir/enhancements/fy0607/96044704-d.html">http://www.loc.gov/catdir/enhancements/fy0607/96044704-d.html</a> |
| 942 ## - ADDED ENTRY ELEMENTS (KOHA) | |
| Source of classification or shelving scheme | Library of Congress Classification |
| Koha item type | Books |
| Suppress in OPAC | No |
| 999 ## - | |
| -- | 5844 |
| -- | 5844 |
| Withdrawn status | Lost status | Source of classification or shelving scheme | Damaged status | Not for loan | Collection | Home library | Current library | Shelving location | Date acquired | Total checkouts | Full call number | Barcode | Date last seen | Copy number | Price effective from | Koha item type |
|---|---|---|---|---|---|---|---|---|---|---|---|---|---|---|---|---|
| Library of Congress Classification | Non-fiction | Undergraduate Library (Christ Temple) | Undergraduate Library (Christ Temple) | General stacks | 05/19/2025 | HB139 HILL | ulct00002490 | 05/19/2025 | 1 | 05/19/2025 | Books | |||||
| Library of Congress Classification | Non-fiction | Undergraduate Library (Christ Temple) | Undergraduate Library (Christ Temple) | General stacks | 05/19/2025 | HB139 HILL | ulct00002491 | 05/19/2025 | 2 | 05/19/2025 | Books |